Dictionnaire des anti-Lumières et des antiphilosophes, dir. Didier Masseau, coord. Laurent Loty, avec la collab. de Patrick Brasart et Jean-Noël Pascal, Paris, Champion, coll. “Dictionnaires et Références”, 2017, 1616 p. en 2 vol. (notice n° 1635511)

détails MARC
000 -LEADER
fixed length control field 02112cam a2200169 4500500
005 - DATE AND TIME OF LATEST TRANSACTION
control field 20260111142059.0
041 ## - LANGUAGE CODE
Language code of text/sound track or separate title fre
042 ## - AUTHENTICATION CODE
Authentication code dc
100 10 - MAIN ENTRY--PERSONAL NAME
Personal name Triaire, Dominique
Relator term author
245 00 - TITLE STATEMENT
Title Dictionnaire des anti-Lumières et des antiphilosophes, dir. Didier Masseau, coord. Laurent Loty, avec la collab. de Patrick Brasart et Jean-Noël Pascal, Paris, Champion, coll. “Dictionnaires et Références”, 2017, 1616 p. en 2 vol.
260 ## - PUBLICATION, DISTRIBUTION, ETC.
Date of publication, distribution, etc. 2018.<br/>
500 ## - GENERAL NOTE
General note 95
520 ## - SUMMARY, ETC.
Summary, etc. Entre 1732 et 1741 François de Frézals, directeur des domaines de la généralité de Toulouse, entretient une correspondance avec son épouse, Louise de Larzillière, femme de chambre de la princesse de Bourbon-Condé à Paris. Les seize lettres conservées, rédigées dans un style galant, libertin, érotique ou poétique, nous font pénétrer dans l’intimité d’un couple de la bourgeoisie cultivée du règne de Louis XV. On y perçoit aussi les rapports du couple avec la haute aristocratie (les Egmont, Bourbon-Condé, Chevreuse) et le monde de la finance (comme les fermiers généraux). L’édition de ces lettres constitue une intéressante source sur la société du 18e siècle, en particulier sur l’amour et la santé.
520 ## - SUMMARY, ETC.
Summary, etc. Between 1732 and 1741, François de Frézals, director of the Toulouse Crown lands, corresponded with his wife, Louise de Larzillière, the Bourbon-Condé Princess’s chambermaid in Paris. The sixteen preserved letters, written in a gallant, libertine, erotic or poetic style, convey the couple’s intimacy typical of the cultivated middle-classes in King Louis XV’s reign, as well as the couple’s relationship with the aristocracy (the Egmont, Bourbon-Condé, Chevreuse) and the financial sphere (such as the fermiers-généraux). The edition of these letters constitutes an interesting source on eighteenth-century society, especially love and health.
786 0# - DATA SOURCE ENTRY
Note Dix-huitième siècle | 50 | 1 | 2018-08-22 | p. XXXIII-XXXIII | 0070-6760
856 41 - ELECTRONIC LOCATION AND ACCESS
Uniform Resource Identifier <a href="https://shs.cairn.info/revue-dix-huitieme-siecle-2018-1-page-XXXIII?lang=fr&redirect-ssocas=7080">https://shs.cairn.info/revue-dix-huitieme-siecle-2018-1-page-XXXIII?lang=fr&redirect-ssocas=7080</a>

Pas d'exemplaire disponible.

PLUDOC

PLUDOC est la plateforme unique et centralisée de gestion des bibliothèques physiques et numériques de Guinée administré par le CEDUST. Elle est la plus grande base de données de ressources documentaires pour les Étudiants, Enseignants chercheurs et Chercheurs de Guinée.

Adresse

627 919 101/664 919 101

25 boulevard du commerce
Kaloum, Conakry, Guinée

Réseaux sociaux

Powered by Netsen Group @ 2025